000 00316nam a2200109Ia 4500
008 160523s9999 xx 000 0 und d
245 _aCollection of Job Interview Questions and the Answers
245 _cJohn Louie
260 _c2012
650 _xPsychology.
856 _uhttp://www.smashwords.com/books/view/181119
999 _c294795
_d294795